| 000 | 00492nam a2200193Ia 4500 | ||
|---|---|---|---|
| 003 | GCL | ||
| 008 | 140319s9999 xx 000 0 aSpa d | ||
| 020 | _a848973819X | ||
| 040 |
_aGCL / _cGCL |
||
| 082 | 0 | 4 |
_a666.03 _bE B |
| 245 | 1 | 0 | _aBIBLIOTECA DE LA INDUSTRIA CERAMICA |
| 260 |
_aاسبانيا : _bEDICIONES ، _c1998 |
||
| 300 |
_a28 CM ؛ _c4 VOLS. |
||
| 650 | 0 | 4 | _aMATERIALS |
| 650 | 0 | 4 | _aCERAMICS |
| 650 | 0 | 4 | _aCERAMICS MATERIALS |
| 650 | 0 | 4 | _aCERAMICS INDUSTRY |
| 942 |
_2ddc _cBK |
||
| 999 |
_c1316 _d1316 |
||